La inspección médica oficial en nuestras escuelas / (Record no. 154659)

MARC details
000 -LEADER
campo de control de longitud fija 00933nam a2200193 i 4500
001 - NÚMERO DE CONTROL
campo de control 154659
003 - IDENTIFICADOR DE NÚMERO DE CONTROL
campo de control ES-MaACL
005 - FECHA Y HORA DE LA ÚLTIMA TRANSACCIÓN
campo de control 20230906205818.0
008 - DATOS DE LONGITUD FIJA--INFORMACIÓN GENERAL
campo de control de longitud fija 040715s1898 sp |||| | spa d
040 ## - FUENTE DE CATALOGACIÓN
Centro catalogador/agencia de origen CAM
Lengua de catalogación spa
Centro/agencia transcriptor CAM
100 1# - ENTRADA PRINCIPAL--NOMBRE DE PERSONA
Nombre de persona Gordon y de Acosta, Antonio de.
9 (RLIN) 127475
245 13 - MENCIÓN DEL TÍTULO
Título La inspección médica oficial en nuestras escuelas /
Mención de responsabilidad, etc. por Antonio de Gordón y de Acosta.
260 ## - PUBLICACIÓN, DISTRIBUCIÓN, ETC.
Lugar de publicación, distribución, etc. Habana :
Nombre del editor, distribuidor, etc. [s.n.],
Fecha de publicación, distribución, etc. 1898 (
Fabricante Imp. y papelería "La Universal" de Ruiz y Hno.)
300 ## - DESCRIPCIÓN FÍSICA
Extensión 61 p. ;
Dimensiones 23 cm.
594 ## - Nota al título y mención de responsabilidad
Nota al título y mención de responsabilidad Precede al tít. en la cub.: Real Academia de Ciencias Médicas Físicas y Naturales de La Habana.
594 ## - Nota al título y mención de responsabilidad
Nota al título y mención de responsabilidad En la cub. consta : Trabajo leído en la sesión pública celebrada el día 23 de enero de 1897.
710 2# - ENTRADA AGREGADA--NOMBRE DE ENTIDAD CORPORATIVA
Nombre de entidad corporativa o nombre de jurisdicción como elemento de entrada Real Academia de Ciencias Médicas, Físicas y Naturales de La Habana.
9 (RLIN) 134781
852 ## - LOCALIZACIÓN
Ubicación ES-MaACL
Número de control de estantería T-833-F-5
Nota libre -- Enc. hol., falto de la cub. original
-- -- Enc. en un vol. facticio
Holdings
Estatus retirado Estado de pérdida Estado de daño No para préstamo Colección Biblioteca de origen Biblioteca actual Ubicación en estantería Fecha de adquisición Total de préstamos Signatura topográfica completa Código de barras Visto por última vez Precio de reemplazo Tipo de ítem Koha
        Colección de folletos Biblioteca del Ateneo de Madrid Biblioteca del Ateneo de Madrid Depósito folletos 17/01/2008   T-833-F-5 1161762 23/02/2023 23/02/2023 Folleto